| 000 | 00665cab a2200229 4500 | ||
|---|---|---|---|
| 001 | WB2647-37 | ||
| 008 | 090401t1990 xxu||||| |||| 00| 0 eng d | ||
| 035 | _a(Sirsi) u35511 | ||
| 041 | _aeng | ||
| 245 | _aPublic access to woodland | ||
| 260 | _c1990 | ||
| 350 | _a0 | ||
| 490 |
_aForestry Commission News _vno 215/90 21 November 1990, 3 pages |
||
| 520 | _aArrangements are to be made to ensure continuing public access to woodland sold by the Forestry Commission . | ||
| 650 | _aDISPOSAL PROGRAMME | ||
| 650 | _aFORESTRY COMMISSION | ||
| 650 | _aPUBLIC LAND | ||
| 650 | _aSCOTLAND | ||
| 690 | _aRURAL PRACTICE | ||
| 942 | _n0 | ||
| 948 | _c04/03/1997 | ||
| 999 |
_c23242 _d23242 |
||